Naše remeslo mesačník Remeselných závodov, komunálny podnik ÚNV

Bibliographic Details
Corporate Authors: Remeselné závody, komunálny podnik ÚNV (Bratislava) (Publisher), Tlačiarenské závody Práca (Bratislava, Slovensko), Merkantilné tlačiarne (Bratislava) závod Linografia (tlač.), Západoslovenské tlačiarne (Bratislava) závod Linografia (tlač.)
Other Authors: Saphierová, Eva (Publishing director), Líšková, Helena (Publishing director), Duhan, František (Publishing director)
Format: Journal
Language:Slovak
PhysicalDescription:2 roč. 31 x 22 cm
Published: Bratislava [s.n.] 1/I 1952-2/I 1952
Bratislava ZS ROH Remeselných závodov, komunálny podnik ÚNV
Bratislava ZO KSS, ZS ČSM a podniková správa Remeselných závodov, komunálny podnik ÚNV
Subjects:

MARC

LEADER 00000nas a22000001a 4500
001 vtls010301708
003 SK-MaSNL
005 20260228163252.0
008 110810d19521953xo mr p r 0 b0slo
015 |a SNBDS17XX9999 
015 |a 0845  |2 Balúnová 1945-60 
038 |a SNKBUDS 
040 |a SNK  |b slo  |c SNK  |e AACR2 
041 0 |a slo 
044 |a xo  |c SK 
080 |a 67  |2 2001 
080 |a 334.724.2  |2 2001 
080 |a 070.489  |2 2001 
245 0 0 |a Naše remeslo  |b mesačník Remeselných závodov, komunálny podnik ÚNV 
260 |a Bratislava  |b [s.n.]  |c 1/I 1952-2/I 1952 
260 2 |3 3/I 1952-2/II 1953  |a Bratislava  |b ZS ROH Remeselných závodov, komunálny podnik ÚNV 
260 3 |3 3/II 1953-5/I 1953  |a Bratislava  |b ZO KSS, ZS ČSM a podniková správa Remeselných závodov, komunálny podnik ÚNV 
300 |a 2 roč.  |c 31 x 22 cm 
310 |a 1x mesačne 
362 0 |a Roč. I, č. 1 (jan. 1952)-roč. II, č. 5 (30.5.1953) 
500 |a V tiráži: Časopis zamestnancov Remeselných závodov, k. p. ÚNV 
500 |a Vych. v Bratislave mesačne 
500 |a Zodp. red. Eva Saphierová, od 9/I (20. sept. 1952) Helena Líšková, od 3/II (20. apr. 1953) František Duhan 
500 |a Vyd. sa neuvádza, od 3/I (10. marca 1952) ZS ROH, od 3/II (20. apr. 1953) ZO KSS, ZS ČSM a podniková správa Remeselných závodov, komunálny podnik ÚNV 
500 |a Tlač. Tlačiarenské závody Práca, n. p. v Bratislave, od 12/I (20. dec. 1952) Západoslov. tlačiarne, n. p., záv. Linografia v Bratislave, od 3/II (20. apr. 1953) Merkantilné tlačiarne, n. p., záv. Linografia v Bratislave 
500 |a Vych. od jan. 1952. Pov. PIO č. 21616/51-II/3 zo 4. jan. 1952, PIO č. 785/52 z 2. apr. 1952. Posl. známe číslo 5/II z 30. mája 1953 
505 8 0 |g Roč. I. 1952 12 č. po 8-12 s. 
505 8 0 |g Roč. II. 1953 5 č. po 8 s. 
610 2 7 |a Remeselné závody, komunálny podnik ÚNV (Bratislava)  |x časopisy  |2 SNKBUDS  |9 273522 
650 0 7 |a remeslá  |2 SNKPH  |9 4998 
650 0 7 |a komunálne podniky  |2 SNKPH  |9 49974 
655 7 |a podnikové časopisy  |2 SNKBUDS  |9 265225 
700 1 |a Saphierová, Eva  |4 pbd  |9 273523 
700 1 |a Líšková, Helena  |4 pbd  |9 273524 
700 1 |a Duhan, František  |4 pbd  |9 269947 
710 2 |a Remeselné závody, komunálny podnik ÚNV (Bratislava)  |e vydav.  |9 273525 
710 2 |a Tlačiarenské závody Práca (Bratislava, Slovensko)  |9 178085 
710 2 |a Merkantilné tlačiarne (Bratislava)  |b závod Linografia  |e tlač.  |9 273526 
710 2 |a Západoslovenské tlačiarne (Bratislava)  |b závod Linografia  |e tlač.  |9 273527 
852 |a SNK  |b 10000  |h ČSB 669 
852 |a UKB  |b 300000  |h SB 1103 
852 |a SVKKK  |b 900000  |h C 367 
852 |a UKB  |b 300000  |h XX B 621 
999 |c 9124  |d 11054